Sprayed Foam Insulation applied to the pitches of existing timber framed roofs, (Record no. 121312)
[ view plain ]
| 000 -LEADER | |
|---|---|
| fixed length control field | 01564nas a22001817a 4500 |
| 007 - PHYSICAL DESCRIPTION FIXED FIELD--GENERAL INFORMATION | |
| fixed length control field | ta |
| 008 - FIXED-LENGTH DATA ELEMENTS--GENERAL INFORMATION | |
| fixed length control field | 230112s2021 xxk||||o |||| 00| 0 eng d |
| 041 ## - LANGUAGE CODE | |
| Language code of text/sound track or separate title | eng |
| 245 ## - TITLE STATEMENT | |
| Title | Sprayed Foam Insulation applied to the pitches of existing timber framed roofs, |
| Subtitle | Summary of stakeholder group investigation and conclusions |
| Statement of responsibility, etc | [press release] |
| 260 ## - PUBLICATION INFORMATION | |
| Date | Autumn 2021 |
| 520 ## - ABSTRACT | |
| Abstract | There has been significant conjecture over the use of sprayed polyurethane (PU) foams in domestic property leading to confusion amongst surveyors and valuers about how to report on the condition of a roof with sprayed foam applied to the underside of the roof covering, and with some lenders refusing to offer loans on affected properties. The result is that consumers may, unwittingly, put themselves in a position of detriment, sometimes restricting the saleability of, or ability to release equity from, their home. In response to the uncertainty that surrounds the issue the Property Care Association (PCA) and the Residential Property Surveyors Association (RPSA) jointly convened a forum of industry stakeholders to consider the use and implications of sprayed foam products within existing pitched roofs of domestic property. |
| 650 ## - KEYWORDS | |
| Keywords | Spray foam |
| 651 ## - SUBJECT ADDED ENTRY--GEOGRAPHIC NAME | |
| Geographic name | United Kingdom |
| 690 ## - LOCAL SUBJECT ADDED ENTRY--TOPICAL TERM (OCLC, RLIN) | |
| 9 (RLIN) | 6223 |
| Topical term or geographic name as entry element | Building materials & defects |
| 710 ## - ADDED CORPORATE NAME | |
| 9 (RLIN) | 6311 |
| Added corporate author | Property Care Association |
| 710 ## - ADDED CORPORATE NAME | |
| 9 (RLIN) | 6312 |
| Added corporate author | Residential Property Surveyors Association |
| 856 ## - ONLINE RESOURCE | |
| Uniform Resource Identifier | https://www.property-care.org/write/MediaUploads/Technical%20Documents/JointPositionStatement_December2021.pdf |
| Public note | Available online |
| Withdrawn status | Lost status | Damaged status | Not for loan | Home library | Current library | Shelving location | Date acquired | Total Checkouts | Date last seen | Price effective from | Koha item type |
|---|---|---|---|---|---|---|---|---|---|---|---|
| Virtual | Virtual | Online | 12/01/2023 | 12/01/2023 | 12/01/2023 | Online material |